[Event "18th Izmir Open 2019"]
[Site "Izmir"]
[Date "2019.09.06"]
[Round "7.6"]
[White "Annaberdiyev, Babageldi"]
[Black "Mohannad, Farhan"]
[Result "1/2-1/2"]
[WhiteElo "2205"]
[BlackElo "2094"]
[Annotator "NA"]
[PlyCount "49"]
[EventDate "2019.09.02"]
[EventType "swiss"]
[EventCountry "TUR"]
[SourceTitle "playchess.com"]
[Source "ChessBase"]
[SourceQuality "1"]
[TimeControl "5400+30"]

1. Nf3 {[%emt 0:00:30]} Nf6 {[%emt 0:00:30]} 2. g3 {[%emt 0:00:00]} b6 {[%emt 0:01:30]} 3. Bg2 {[%emt 0:00:00]} Bb7 {[%emt 0:00:30]} 4. O-O {[%emt 0:00:00]} c5 {[%emt 0:00:00]} 5. d3 {[%emt 0:00:00]} g6 {[%emt 0:01:00]} 6. e4 {[%emt 0:00:30]} d6 {[%emt 0:00:00]} 7. b3 {[%emt 0:04:30]} Bg7 {[%emt 0:00:00]} 8. Bb2 {[%emt 0:00:30]} O-O {[%emt 0:00:30]} 9. Nbd2 $11 {[%emt 0:00:30]} Nbd7 {[%emt 0:00:30]} 10. Qc1 {[%emt 0:01:30]} b5 {[%emt 0:02:30]} 11. a4 {[%emt 0:00:30]} a6 {[%emt 0:00:00]} 12. Re1 {[%emt 0:00:30]} e5 {[%emt 0:01:00]} 13. axb5 {[%emt 0:05:30]} axb5 {[%emt 0:00:30]} 14. Rxa8 {[%emt 0:00:00]} Bxa8 {[%emt 0:01:30]} 15. c4 {[%emt 0:05:00]} b4 {[%emt 0:00:30]} 16. Nf1 {[%emt 0:00:30]} Bb7 {[%emt 0:04:30]} 17. Qc2 {[%emt 0:03:30]} Qb6 {[%emt 0:03:30]} 18. Ra1 {[%emt 0:00:30]} Bh6 {[%emt 0:00:30]} 19. Bc1 {[%emt 0:00:30]} Bxc1 {[%emt 0:00:30]} 20. Qxc1 {[%emt 0:00:30]} Ra8 {[%emt 0:01:30]} 21. Rxa8+ {[%emt 0:00:00]} Bxa8 {[%emt 0:00:00]} 22. Qa1 {[%emt 0:00:00]} Bb7 {[%emt 0:00:00]} 23. Ne3 {[%emt 0:00:30]} Qa6 {[%emt 0:00:30]} 24. Qxa6 {[%emt 0:00:30]} Bxa6 {[%emt 0:00:00]} 25. Nd2 {[%emt 0:05:30]} 1/2-1/2

[Event "18th Izmir Open 2019"]
[Site "Izmir"]
[Date "2019.09.06"]
[Round "7.7"]
[White "Ozbek, Busra"]
[Black "Shanava, Konstantine"]
[Result "0-1"]
[WhiteElo "1928"]
[BlackElo "2500"]
[Annotator "RC"]
[PlyCount "108"]
[EventDate "2019.09.02"]
[EventType "swiss"]
[EventCountry "TUR"]
[SourceTitle "playchess.com"]
[Source "ChessBase"]
[SourceQuality "1"]
[TimeControl "5400+30"]

1. d4 {[%emt 0:00:30]} g6 {[%emt 0:00:30]} 2. Nf3 {[%emt 0:00:00]} Bg7 {[%emt 0:00:30]} 3. c3 {[%emt 0:01:00]} d6 {[%emt 0:01:30]} 4. e4 {[%emt 0:05:30]} Nf6 {[%emt 0:00:00]} 5. Qc2 {[%emt 0:00:00]} O-O {[%emt 0:01:00]} 6. Bg5 {[%emt 0:01:00]} h6 {[%emt 0:00:30]} 7. Bh4 {[%emt 0:01:30]} Nh5 {[%emt 0:00:30]} 8. Bc4 {[%emt 0:02:30]} c5 {[%emt 0:06:30]} 9. dxc5 {[%emt 0:02:30]} dxc5 {[%emt 0:00:30]} 10. O-O {[%emt 0:01:30]} Nc6 {[%emt 0:00:30]} 11. Re1 {[%emt 0:05:30]} Qc7 {[%emt 0:00:30]} 12. Nbd2 {[%emt 0:00:30]} Bg4 {[%emt 0:02:30]} 13. Rac1 {[%emt 0:09:30]} Rad8 {[%emt 0:02:30]} 14. Bf1 {[%emt 0:10:30]} a6 {[%emt 0:03:30]} 15. a4 {[%emt 0:00:30]} Rd7 {[%emt 0:00:30]} 16. Bg3 {[%emt 0:03:30]} Nxg3 {[%emt 0:02:30]} 17. hxg3 {[%emt 0:00:00]} Rfd8 {[%emt 0:00:00]} 18. Nc4 {[%emt 0:17:00]} Bxf3 {[%emt 0:03:00]} 19. gxf3 {[%emt 0:00:30]} b5 {[%emt 0:00:30]} 20. axb5 {[%emt 0:00:30]} axb5 {[%emt 0:00:30]} 21. Ne3 {[%emt 0:05:30]} Rd2 {[%emt 0:00:30]} 22. Qb1 {[%emt 0:05:30]} Be5 {[%emt 0:01:30]} 23. Re2 {[%emt 0:01:30]} Bxg3 {[%emt 0:01:30]} 24. Nd5 {[%emt 0:06:54]} R8xd5 {[%emt 0:00:30]} 25. exd5 {[%emt 0:00:53]} Bh2+ {[%emt 0:00:30]} 26. Kg2 {[%emt 0:00:41]} Rxd5 {[%emt 0:00:30]} 27. Re4 {[%emt 0:00:16]} Bf4 {[%emt 0:00:30]} 28. Rd1 {[%emt 0:02:17]} Rg5+ {[%emt 0:03:30]} 29. Kh1 {[%emt 0:00:07]} Rh5+ {[%emt 0:00:30]} 30. Kg2 {[%emt 0:01:34]} Qc8 {[%emt 0:02:30]} 31. Kg1 {[%emt 0:00:14]} Rg5+ {[%emt 0:02:30]} 32. Kh1 {[%emt 0:00:21]} Qf5 {[%emt 0:00:30]} 33. Bg2 {[%emt 0:02:53]} Rh5+ {[%emt 0:00:30]} 34. Kg1 {[%emt 0:00:11]} Qg5 {[%emt 0:00:30]} 35. Rxf4 {[%emt 0:04:15]} Qxf4 {[%emt 0:00:30]} 36. Qe4 {[%emt 0:00:08]} Qxe4 {[%emt 0:04:30]} 37. fxe4 {[%emt 0:00:02]} Ne5 {[%emt 0:00:30]} 38. b3 {[%emt 0:04:49]} c4 {[%emt 0:00:00]} 39. bxc4 {[%emt 0:04:51]} Nxc4 {[%emt 0:00:00]} 40. Kf1 {[%emt 0:00:30]} Rc5 {[%emt 0:00:30]} 41. Ke2 {[%emt 0:00:30]} e6 {[%emt 0:00:30]} 42. Rb1 {[%emt 0:00:30]} Nb6 {[%emt 0:00:30]} 43. Kd2 {[%emt 0:00:30]} Nc4+ {[%emt 0:00:30]} 44. Ke2 {[%emt 0:00:30]} g5 {[%emt 0:00:30]} 45. Kd3 {[%emt 0:00:31]} e5 {[%emt 0:00:30]} 46. Bh3 {[%emt 0:00:30]} Nb6 {[%emt 0:00:30]} 47. Bg4 {[%emt 0:00:30]} Kg7 {[%emt 0:00:30]} 48. Kd2 {[%emt 0:00:30]} Kg6 {[%emt 0:00:30]} 49. Bf5+ {[%emt 0:00:30]} Kf6 {[%emt 0:00:30]} 50. Bg4 {[%emt 0:00:30]} Nc4+ {[%emt 0:00:30]} 51. Kd3 {[%emt 0:00:30]} Nd6 {[%emt 0:00:30]} 52. Rg1 {[%emt 0:00:52]} Kg6 {[%emt 0:00:30]} 53. Rh1 {[%emt 0:00:29]} Kg7 {[%emt 0:00:30]} 54. f3 {[%emt 0:00:57]} Rc4 {[%emt 0:00:00]} 0-1

[Event "18th Izmir Open 2019"]
[Site "Izmir"]
[Date "2019.09.06"]
[Round "7.8"]
[White "Sahin, Senol"]
[Black "Yilmaz, Turhan"]
[Result "1-0"]
[WhiteElo "1886"]
[BlackElo "2180"]
[Annotator "TA"]
[PlyCount "99"]
[EventDate "2019.09.02"]
[EventType "swiss"]
[EventCountry "TUR"]
[SourceTitle "playchess.com"]
[Source "ChessBase"]
[SourceQuality "1"]

{[%evp 13,99,45,44,0,-1,-7,64,17,49,42,79,46,57,54,52,51,86,25,34,0,0,0,0,0,28,-2,27,19,105,95,100,116,108,103,96,103,93,109,106,52,44,54,117,61,67,72,325,311,312,347,330,324,365,364,364,343,333,0,344,333,389,385,380,339,369,351,454,460,435,343,355,362,340,326,379,210,226,360,543,543,508,518,1040,437,5397,5397,1496,1448]} 1. e4 c5 2. c3 d5 3. exd5 Qxd5 4. d4 Nc6 5. Nf3 Bg4 6. Be2 e6 7. h3 Bh5 8. Na3 {B22: Sicilian: 2 c3} (8. c4 $5 {[%cal Rc4d5]} Qd6 9. d5 Bxf3 10. Bxf3 exd5 11. cxd5 Qe5+ 12. Be3 $14) (8. c4 Qd6 9. d5 Bxf3 10. Bxf3 Nd4 11. Be3 e5 12. Nc3 f5 13. O-O a6 14. Re1 Be7 15. Na4 e4 16. Bxd4 cxd4 17. Qxd4 {1-0 (37) Dubiel,J (2429)-Lubbe,N (2515) Germany 2018}) 8... cxd4 9. Nb5 Qd7 (9... Rc8 $11) 10. Nbxd4 $146 {White is slightly better.} ({Of course not} 10. Nfxd4 Bxe2 11. Nxe2 Qxd1+ 12. Kxd1 O-O-O+ 13. Kc2 Bc5 $11) (10. Bf4 $5 {[%cal Rb5c7]} Bxf3 11. Bxf3 $14) ({Predecessor:} 10. Bf4 Rc8 11. O-O a6 12. Nbxd4 Nxd4 13. Nxd4 Bxe2 14. Qxe2 Be7 15. Rad1 Qd5 {1-0 (32) Schoene,M (2024)-Nichols,M (2129) Germany 2007}) 10... Nge7 11. O-O a6 12. Re1 Nxd4 13. Nxd4 Bxe2 14. Qxe2 Nd5 15. Bg5 (15. Rd1 $16) 15... h6 16. Qh5 {Nxe6 is the strong threat.} g6 17. Qh4 Bg7 18. Bd2 g5 19. Qg3 O-O 20. Rad1 Qa4 (20... Qc7 $11 {remains equal.}) 21. h4 $16 Bxd4 22. cxd4 Qxd4 23. hxg5 h5 24. g6 {aiming for gxf7+.} Qg4 25. gxf7+ Kxf7 26. Qb3 (26. Qh2 $1 $16) 26... b5 $14 27. f3 Qf5 (27... Qc4 $14) 28. Bc3 (28. Re4 $16) 28... Rg8 29. Rd2 $36 {[%mdl 2048] Keeping Black busy.} Rg5 $2 {[%mdl 8192] [#]} (29... Rac8 $16) 30. Re5 $1 $18 Qxe5 31. Bxe5 Rxe5 32. Qd3 Rg8 33. Qd4 Reg5 34. Qa7+ Kf6 35. Qd4+ ({Not} 35. Qxa6 Nf4 $16) 35... Kf7 36. Re2 R8g6 37. Qa7+ Kf6 {intending ...Nf4.} 38. Qb8 {[%cal Rb8f8]} Kf7 39. Qd6 Kg7 40. Kh1 Kf7 41. Qd7+ Ne7 42. Rc2 {Threatens to win with Rc7.} Rd5 43. Qc7 h4 44. Rc5 (44. Qb7 $142 Kf6 45. Qxa6) 44... Rd1+ (44... Rxc5 {was necessary.} 45. Qxc5 Rf6) 45. Kh2 Rd4 (45... Rd5 {was worth a try.} 46. Rc2 Rg7 47. Qf4+ Nf5) 46. Rh5 {And now Rh7+ would win.White is clearly winning.} Rg7 47. Rh6 Rc4 {[#]} (47... Rd5 $142 48. Rxh4 Kg8) 48. Qe5 (48. Qd7 $142 $1 Rc6 49. f4) 48... Rc2 (48... Ng6 $142 49. Qd6 Nf8) 49. Qxe6+ {[%mdl 64] Double Attack} Kf8 50. Rh8+ {Accuracy: White = 46%, Black = 29%.} 1-0

[Event "18th Izmir Open 2019"]
[Site "Izmir"]
[Date "2019.09.02"]
[Round "7.9"]
[White "Salman, Ilhan Serhat"]
[Black "Bektas, Cagan Erdem"]
[Result "1-0"]
[WhiteElo "2037"]
[BlackElo "1762"]
[Annotator "NA RC"]
[PlyCount "77"]
[EventDate "2019.09.02"]
[EventType "swiss"]
[EventCountry "TUR"]
[SourceTitle "playchess.com"]
[Source "ChessBase"]
[SourceQuality "1"]
[TimeControl "5400+30"]

1. d4 {[%emt 0:05:30]} f5 {[%emt 0:00:30]} 2. Bg5 {[%emt 0:00:30]} h6 {[%emt 0:00:00]} 3. Bh4 {[%emt 0:00:00]} g5 {[%emt 0:00:00]} 4. Bg3 {[%emt 0:00:00]} Nf6 {[%emt 0:00:30]} 5. e3 {[%emt 0:00:30]} Bg7 $14 {[%emt 0:01:30]} 6. h4 {[%emt 0:03:30]} g4 {[%emt 0:03:30]} 7. Bd3 {[%emt 0:01:30]} d6 {[%emt 0:00:30]} 8. c3 {[%emt 0:01:30]} O-O {[%emt 0:03:30]} 9. Ne2 {[%emt 0:02:30]} Nh5 {[%emt 0:04:30]} 10. Nf4 {[%emt 0:06:30]} Nxg3 {[%emt 0:19:30]} 11. fxg3 {[%emt 0:00:30]} e6 {[%emt 0:08:30]} 12. O-O {[%emt 0:04:30]} d5 {[%emt 0:03:30]} 13. c4 {[%emt 0:10:30]} c6 {[%emt 0:02:30]} 14. Nc3 {[%emt 0:01:30]} Qe8 {[%emt 0:06:30]} 15. Qb3 {[%emt 0:02:30]} Na6 {[%emt 0:02:30]} 16. cxd5 {[%emt 0:02:30]} exd5 {[%emt 0:01:30]} 17. Ncxd5 {[%emt 0:04:30]} cxd5 {[%emt 0:02:30]} 18. Bxa6 {[%emt 0:00:00]} bxa6 {[%emt 0:00:30]} 19. Qxd5+ {[%emt 0:00:00]} Kh7 {[%emt 0:00:30]} 20. Qxa8 {[%emt 0:00:30]} Qxe3+ {[%emt 0:00:30]} 21. Kh2 {[%emt 0:00:30]} Qxd4 {[%emt 0:00:30]} 22. Rac1 {[%emt 0:05:30]} Bd7 {[%emt 0:08:30]} 23. Qb7 {[%emt 0:01:30]} Rf7 {[%emt 0:01:30]} 24. b3 {[%emt 0:14:30]} Be8 {[%emt 0:07:30]} 25. Rc7 {[%emt 0:02:30]} Rxc7 {[%emt 0:01:30]} 26. Qxc7 {[%emt 0:00:00]} Bd7 {[%emt 0:00:30]} 27. Re1 {[%emt 0:00:00]} Qb4 {[%emt 0:05:19]} 28. Rd1 {[%emt 0:01:30]} Bb5 {[%emt 0:00:33]} 29. Ne6 {[%emt 0:00:30]} Qc3 {[%emt 0:00:26]} 30. Qxg7+ {[%emt 0:00:30]} Qxg7 {[%emt 0:00:04]} 31. Nxg7 {[%emt 0:00:30]} Kxg7 {[%emt 0:00:07]} 32. Rc1 {[%emt 0:00:00]} Bd3 {[%emt 0:01:10]} 33. Rc7+ {[%emt 0:00:00]} Kf6 {[%emt 0:00:12]} 34. Rxa7 {[%emt 0:00:00]} Ke5 {[%emt 0:00:08]} 35. Rh7 {[%emt 0:01:00]} Kd4 {[%emt 0:00:06]} 36. Rxh6 {[%emt 0:00:00]} Kc3 {[%emt 0:00:03]} 37. Rd6 {[%emt 0:00:00]} Bb5 {[%emt 0:00:30]} 38. h5 {[%emt 0:00:30]} Kb2 {[%emt 0:00:05]} 39. h6 {[%emt 0:00:00]} 1-0

[Event "18th Izmir Open 2019"]
[Site "Izmir"]
[Date "2019.09.06"]
[Round "8.1"]
[White "Isik, Alparslan"]
[Black "Kamer, Kayra"]
[Result "1-0"]
[WhiteElo "2200"]
[BlackElo "2304"]
[Annotator "ChessBase"]
[PlyCount "129"]
[EventDate "2019.09.02"]
[EventType "swiss"]
[EventCountry "TUR"]
[SourceTitle "playchess.com"]
[Source "ChessBase"]
[SourceQuality "1"]
[TimeControl "5400+30"]

1. d4 {[%emt 0:00:30]} Nf6 {[%emt 0:01:30]} 2. c4 {[%emt 0:00:00]} g6 {[%emt 0:00:00]} 3. Nc3 {[%emt 0:00:00]} Bg7 {[%emt 0:00:00]} 4. e4 {[%emt 0:00:00]} d6 {[%emt 0:00:00]} 5. Be2 {[%emt 0:00:00]} O-O {[%emt 0:01:00]} 6. Nf3 {[%emt 0:00:30]} Bg4 {[%emt 0:02:30]} 7. Be3 {[%emt 0:01:30]} Nfd7 {[%emt 0:02:30]} 8. Rc1 {[%emt 0:00:30]} c5 {[%emt 0:11:30]} 9. d5 {[%emt 0:00:30]} Na6 {[%emt 0:00:30]} 10. h3 {[%emt 0:01:30]} Bxf3 {[%emt 0:00:30]} 11. Bxf3 {[%emt 0:00:30]} Nc7 {[%emt 0:00:00]} 12. h4 {[%emt 0:00:30]} e6 {[%emt 0:04:00]} 13. h5 {[%emt 0:01:30]} exd5 {[%emt 0:01:30]} 14. exd5 {[%emt 0:00:30]} Re8 {[%emt 0:01:30]} 15. hxg6 {[%emt 0:03:30]} hxg6 {[%emt 0:00:30]} 16. Kf1 {[%emt 0:02:30]} Ne5 {[%emt 0:02:30]} 17. Be2 {[%emt 0:04:30]} f5 {[%emt 0:00:00]} 18. g3 {[%emt 0:09:30]} Qf6 {[%emt 0:01:00]} 19. Kg2 {[%emt 0:03:30]} Nf7 {[%emt 0:01:30]} 20. Qd2 {[%emt 0:00:30]} Re7 {[%emt 0:01:30]} 21. Rh3 {[%emt 0:06:30]} Rae8 {[%emt 0:02:30]} 22. g4 {[%emt 0:01:30]} f4 {[%emt 0:03:30]} 23. Bxf4 {[%emt 0:02:30]} Rxe2 {[%emt 0:00:30]} 24. Nxe2 {[%emt 0:00:30]} Rxe2 {[%emt 0:00:30]} 25. Qxe2 {[%emt 0:00:30]} Qxf4 {[%emt 0:00:00]} 26. Qe3 {[%emt 0:05:30]} Qxg4+ {[%emt 0:00:00]} 27. Rg3 {[%emt 0:00:30]} Qf5 {[%emt 0:00:30]} 28. Qf3 {[%emt 0:06:30]} Ne5 {[%emt 0:06:30]} 29. Qxf5 {[%emt 0:00:30]} gxf5 {[%emt 0:00:30]} 30. f4 {[%emt 0:03:30]} Ng4 {[%emt 0:00:30]} 31. Re1 {[%emt 0:02:30]} Kf7 {[%emt 0:00:30]} 32. Rh3 {[%emt 0:00:00]} Nf6 {[%emt 0:01:30]} 33. Kf3 {[%emt 0:02:00]} b5 {[%emt 0:08:30]} 34. b3 {[%emt 0:00:30]} bxc4 {[%emt 0:16:30]} 35. bxc4 {[%emt 0:00:30]} Na8 {[%emt 0:00:00]} 36. Re6 {[%emt 0:07:30]} Nb6 {[%emt 0:00:00]} 37. Rxd6 {[%emt 0:00:30]} Nxc4 {[%emt 0:00:30]} 38. Ra6 {[%emt 0:00:30]} Bf8 {[%emt 0:14:21]} 39. Rxa7+ {[%emt 0:05:30]} Be7 {[%emt 0:00:01]} 40. Rh2 {[%emt 0:01:30]} Nd6 {[%emt 0:03:35]} 41. a4 {[%emt 0:02:30]} Nxd5 {[%emt 0:01:16]} 42. Rd2 {[%emt 0:05:30]} Nc8 {[%emt 0:02:50]} 43. Ra8 {[%emt 0:05:09]} Ncb6 {[%emt 0:03:06]} 44. Rb8 {[%emt 0:00:32]} c4 {[%emt 0:00:04]} 45. a5 {[%emt 0:00:17]} c3 {[%emt 0:00:02]} 46. Rc2 {[%emt 0:00:00]} Nc4 {[%emt 0:03:04]} 47. a6 {[%emt 0:00:44]} Nd2+ {[%emt 0:00:16]} 48. Kg3 {[%emt 0:03:33]} Ne4+ {[%emt 0:00:26]} 49. Kf3 {[%emt 0:02:31]} Nd2+ {[%emt 0:00:51]} 50. Ke2 {[%emt 0:07:11]} Nxf4+ {[%emt 0:00:39]} 51. Kd1 {[%emt 0:00:36]} Nd5 {[%emt 0:01:02]} 52. a7 {[%emt 0:00:01]} Ne3+ {[%emt 0:03:54]} 53. Ke2 {[%emt 0:00:05]} Nxc2 {[%emt 0:00:37]} 54. a8=Q {[%emt 0:00:03]} Nd4+ {[%emt 0:00:26]} 55. Kd3 {[%emt 0:00:24]} N4f3 {[%emt 0:02:15]} 56. Qd5+ {[%emt 0:02:12]} Kf6 {[%emt 0:00:03]} 57. Kxc3 {[%emt 0:00:45]} Ne4+ {[%emt 0:00:14]} 58. Kc2 {[%emt 0:00:45]} Kg5 {[%emt 0:01:22]} 59. Rb5 {[%emt 0:01:24]} Kh4 {[%emt 0:00:51]} 60. Qd7 {[%emt 0:01:21]} Bg5 {[%emt 0:01:43]} 61. Rxf5 {[%emt 0:00:35]} Ne1+ {[%emt 0:00:23]} 62. Kd1 {[%emt 0:00:31]} Ng2 {[%emt 0:00:19]} 63. Qd4 {[%emt 0:00:49]} Ne3+ {[%emt 0:01:19]} 64. Ke2 {[%emt 0:00:05]} Nxf5 {[%emt 0:00:17]} 65. Qxe4+ {[%emt 0:00:02]} 1-0

[Event "18th Izmir Open 2019"]
[Site "Izmir"]
[Date "2019.09.06"]
[Round "8.2"]
[White "Koksal, Ege"]
[Black "Yilmazyerli, Mert"]
[Result "1/2-1/2"]
[WhiteElo "2375"]
[BlackElo "2417"]
[Annotator "ChessBase"]
[PlyCount "25"]
[EventDate "2019.09.02"]
[EventType "swiss"]
[EventCountry "TUR"]
[SourceTitle "playchess.com"]
[Source "ChessBase"]
[SourceQuality "1"]
[TimeControl "5400+30"]

1. d4 {[%emt 0:01:30]} d5 {[%emt 0:00:30]} 2. c4 {[%emt 0:00:30]} c6 {[%emt 0:00:00]} 3. cxd5 {[%emt 0:00:30]} cxd5 {[%emt 0:00:00]} 4. Nc3 {[%emt 0:00:00]} Nc6 {[%emt 0:00:00]} 5. Nf3 {[%emt 0:00:00]} Nf6 {[%emt 0:00:00]} 6. Bf4 {[%emt 0:00:00]} Bf5 {[%emt 0:00:30]} 7. e3 {[%emt 0:00:00]} e6 {[%emt 0:00:00]} 8. Bd3 {[%emt 0:00:30]} Bxd3 {[%emt 0:00:00]} 9. Qxd3 {[%emt 0:00:00]} Bd6 {[%emt 0:00:00]} 10. Bxd6 {[%emt 0:00:00]} Qxd6 {[%emt 0:00:00]} 11. O-O {[%emt 0:00:30]} O-O {[%emt 0:00:00]} 12. Rac1 {[%emt 0:02:30]} Rfc8 {[%emt 0:00:00]} 13. Nb1 {[%emt 0:00:30]} 1/2-1/2

[Event "18th Izmir Open 2019"]
[Site "Izmir"]
[Date "2019.09.06"]
[Round "8.3"]
[White "Li, Konstantin S."]
[Black "Demirbag, Alihan"]
[Result "1-0"]
[WhiteElo "1279"]
[BlackElo "2121"]
[Annotator "ChessBase"]
[PlyCount "89"]
[EventDate "2019.09.02"]
[EventType "swiss"]
[EventCountry "TUR"]
[SourceTitle "playchess.com"]
[Source "ChessBase"]
[SourceQuality "1"]
[TimeControl "5400+30"]

1. e4 {[%emt 0:00:30]} c5 {[%emt 0:00:30]} 2. Nc3 {[%emt 0:00:30]} Nc6 {[%emt 0:02:30]} 3. g3 {[%emt 0:00:30]} g6 {[%emt 0:01:30]} 4. Bg2 {[%emt 0:00:00]} Bg7 {[%emt 0:00:00]} 5. d3 {[%emt 0:00:00]} d6 {[%emt 0:00:00]} 6. f4 {[%emt 0:00:30]} e6 {[%emt 0:00:30]} 7. Nf3 {[%emt 0:00:30]} Nge7 {[%emt 0:00:30]} 8. O-O {[%emt 0:00:00]} O-O {[%emt 0:00:30]} 9. Be3 {[%emt 0:00:00]} b6 {[%emt 0:04:30]} 10. Bf2 {[%emt 0:04:30]} Ba6 {[%emt 0:00:30]} 11. Re1 {[%emt 0:00:30]} Qd7 {[%emt 0:00:30]} 12. Qd2 {[%emt 0:02:30]} Rad8 {[%emt 0:03:30]} 13. Rad1 {[%emt 0:02:30]} Nd4 {[%emt 0:04:30]} 14. Nxd4 {[%emt 0:04:30]} cxd4 {[%emt 0:00:30]} 15. Ne2 {[%emt 0:00:30]} e5 {[%emt 0:00:30]} 16. c3 {[%emt 0:00:00]} dxc3 {[%emt 0:01:30]} 17. Nxc3 {[%emt 0:00:00]} Bb7 {[%emt 0:09:30]} 18. d4 {[%emt 0:04:30]} exf4 {[%emt 0:00:30]} 19. gxf4 {[%emt 0:07:30]} d5 {[%emt 0:01:30]} 20. e5 {[%emt 0:00:30]} Nf5 {[%emt 0:02:30]} 21. Qd3 {[%emt 0:01:30]} a6 {[%emt 0:11:30]} 22. Rc1 {[%emt 0:04:30]} Bh6 {[%emt 0:05:30]} 23. Bh3 {[%emt 0:06:30]} Bxf4 {[%emt 0:02:30]} 24. Rc2 {[%emt 0:05:30]} Bg5 {[%emt 0:11:30]} 25. Bxf5 {[%emt 0:22:30]} Qxf5 {[%emt 0:00:30]} 26. Qxf5 {[%emt 0:00:00]} gxf5 {[%emt 0:00:30]} 27. Be3 {[%emt 0:00:00]} f6 {[%emt 0:08:30]} 28. Rg2 {[%emt 0:00:30]} Kf7 {[%emt 0:00:00]} 29. Bxg5 {[%emt 0:06:30]} fxg5 {[%emt 0:00:00]} 30. Rxg5 {[%emt 0:00:30]} Rg8 {[%emt 0:00:30]} 31. Rxg8 {[%emt 0:00:30]} Rxg8+ {[%emt 0:00:00]} 32. Kf2 {[%emt 0:00:00]} Rg4 {[%emt 0:00:00]} 33. Rd1 {[%emt 0:08:00]} Bc6 {[%emt 0:07:30]} 34. h3 {[%emt 0:00:00]} Rg6 {[%emt 0:01:30]} 35. Ne2 {[%emt 0:00:00]} Bb5 {[%emt 0:01:55]} 36. Nf4 {[%emt 0:02:54]} Rc6 {[%emt 0:00:15]} 37. Rd2 {[%emt 0:00:52]} Rc1 {[%emt 0:00:33]} 38. Nxd5 {[%emt 0:00:09]} Rf1+ {[%emt 0:00:17]} 39. Kg2 {[%emt 0:00:07]} Ra1 {[%emt 0:00:30]} 40. Nxb6 {[%emt 0:06:24]} Rxa2 {[%emt 0:00:44]} 41. d5 {[%emt 0:00:07]} a5 {[%emt 0:00:16]} 42. Nc8 {[%emt 0:00:52]} Kg6 {[%emt 0:01:51]} 43. e6 {[%emt 0:04:19]} Kf6 {[%emt 0:03:57]} 44. Nd6 {[%emt 0:00:17]} Ba6 {[%emt 0:00:00]} 45. Ne8+ {[%emt 0:00:20]} 1-0

[Event "18th Izmir Open 2019"]
[Site "Izmir"]
[Date "2019.09.06"]
[Round "8.4"]
[White "Guseynov, Alihan"]
[Black "Sahin, Senol"]
[Result "1-0"]
[WhiteElo "2326"]
[BlackElo "1886"]
[Annotator "ChessBase"]
[PlyCount "33"]
[EventDate "2019.09.02"]
[EventType "swiss"]
[EventCountry "TUR"]
[SourceTitle "playchess.com"]
[Source "ChessBase"]
[SourceQuality "1"]
[TimeControl "5400+30"]

1. d4 {[%emt 0:05:30]} Nf6 {[%emt 0:01:30]} 2. c4 {[%emt 0:00:30]} g6 {[%emt 0:00:00]} 3. Nc3 {[%emt 0:00:30]} Bg7 {[%emt 0:00:00]} 4. e4 {[%emt 0:00:30]} d6 {[%emt 0:00:30]} 5. Be2 {[%emt 0:00:30]} O-O {[%emt 0:00:30]} 6. Bg5 {[%emt 0:00:00]} c5 {[%emt 0:00:00]} 7. d5 {[%emt 0:00:00]} h6 {[%emt 0:02:00]} 8. Bf4 {[%emt 0:00:30]} e6 {[%emt 0:01:30]} 9. dxe6 {[%emt 0:02:30]} Bxe6 {[%emt 0:00:30]} 10. Qd2 {[%emt 0:00:30]} g5 {[%emt 0:04:30]} 11. Be3 {[%emt 0:06:30]} Nc6 {[%emt 0:04:30]} 12. h4 {[%emt 0:01:30]} Qa5 {[%emt 0:02:30]} 13. hxg5 {[%emt 0:01:30]} hxg5 {[%emt 0:00:30]} 14. Bxg5 {[%emt 0:01:30]} Ne5 {[%emt 0:11:30]} 15. Bxf6 {[%emt 0:03:30]} Bxf6 {[%emt 0:19:30]} 16. Qh6 {[%emt 0:00:30]} Nd3+ {[%emt 0:12:30]} 17. Kf1 {[%emt 0:00:30]} 1-0

[Event "18th Izmir Open 2019"]
[Site "Izmir"]
[Date "2019.09.06"]
[Round "8.5"]
[White "Salman, Ilhan Serhat"]
[Black "Annaberdiyev, Babageldi"]
[Result "1/2-1/2"]
[WhiteElo "2037"]
[BlackElo "2205"]
[Annotator "ChessBase"]
[PlyCount "49"]
[EventDate "2019.09.02"]
[EventType "swiss"]
[EventCountry "TUR"]
[SourceTitle "playchess.com"]
[Source "ChessBase"]
[SourceQuality "1"]
[TimeControl "5400+30"]

1. d4 {[%emt 0:00:30]} e6 {[%emt 0:00:30]} 2. g3 {[%emt 0:00:00]} d5 {[%emt 0:00:30]} 3. Bg2 {[%emt 0:00:00]} f5 {[%emt 0:00:30]} 4. c4 {[%emt 0:01:30]} c6 {[%emt 0:00:00]} 5. cxd5 {[%emt 0:00:30]} exd5 {[%emt 0:00:00]} 6. Nf3 {[%emt 0:02:30]} Nf6 {[%emt 0:00:00]} 7. O-O {[%emt 0:01:30]} Bd6 {[%emt 0:00:00]} 8. Bg5 {[%emt 0:01:30]} h6 {[%emt 0:01:30]} 9. Bxf6 {[%emt 0:01:30]} Qxf6 {[%emt 0:00:30]} 10. e3 {[%emt 0:00:30]} O-O {[%emt 0:00:30]} 11. Nbd2 {[%emt 0:00:30]} Nd7 {[%emt 0:00:00]} 12. Ne1 {[%emt 0:06:30]} Qe7 {[%emt 0:07:00]} 13. Nd3 {[%emt 0:03:30]} Kh7 {[%emt 0:01:30]} 14. Qc2 {[%emt 0:01:30]} Nf6 {[%emt 0:02:30]} 15. Nf3 {[%emt 0:01:30]} g6 {[%emt 0:02:30]} 16. Rfe1 {[%emt 0:06:30]} Bd7 {[%emt 0:01:30]} 17. Rac1 {[%emt 0:02:30]} Rae8 {[%emt 0:00:30]} 18. Nfe5 {[%emt 0:00:30]} Bc8 {[%emt 0:01:30]} 19. Qa4 {[%emt 0:04:30]} a6 {[%emt 0:06:30]} 20. b4 {[%emt 0:04:30]} Ng4 {[%emt 0:12:30]} 21. Nf3 {[%emt 0:05:30]} Nf6 {[%emt 0:00:30]} 22. Nfe5 {[%emt 0:00:30]} Ng4 {[%emt 0:00:30]} 23. Nf3 {[%emt 0:01:30]} Nf6 {[%emt 0:00:30]} 24. Nde5 {[%emt 0:00:30]} Ng4 {[%emt 0:00:30]} 25. Nd3 {[%emt 0:01:30]} 1/2-1/2